000 00477cam a22001457a 4500
008 180718b1990 xxu||||| |||| 00| 0 eng d
082 _aB6x54 K156
100 _aKathuria, Harbir Singh
245 _aPresident's rule in India, 1967-89
_cby Harbir Singh Kathuria
260 _aDelhi
_bUppal
_c1990
300 _a390p.
650 _aIndia --Politics and government --1947.
650 _aWar and emergency powers --India --History
650 _aFederal government --India --History
999 _c347571
_d347571